[Event "Ostersund Hurtigfeiden op"]
[Site "Ostersund"]
[Date "2016.09.11"]
[Round "7"]
[White "Bohman Karlholm, Adrian"]
[Black "Burman, Lennart"]
[Result "1-0"]
[WhiteElo "1877"]
[BlackElo "1887"]
[PlyCount "79"]
[EventDate "2016.09.11"]
[EventType "swiss"]
[EventRounds "7"]
[EventCountry "SWE"]
[SourceTitle "CBM 174 Extra"]
[Source "ChessBase"]
[SourceDate "2016.10.10"]
[SourceVersion "1"]
[SourceVersionDate "2016.10.10"]
[SourceQuality "1"]

1. c4 g6 2. Nc3 Bg7 3. d4 c5 4. Nf3 cxd4 5. Nxd4 Nc6 6. Be3 Qa5 7. g3 Nf6 8. Bg2 0-0 9. h3 d6 10. Nxc6 bxc6 11. Bxc6 Rb8 12. Qd2 Qc7 13. Bg2 Bb7 14. 0-0 Bxg2 15. Kxg2 Qxc4 16. Bxa7 Rb7 17. Be3 Ne4 18. Nxe4 Qxe4+ 19. f3 Qe5 20. b3 Qxa1 21. Rxa1 Bxa1 22. Bd4 Bxd4 23. Qxd4 Rc8 24. Qd5 Rbc7 25. Kf2 Rc5 26. Qd4 R8c6 27. Qa4 Kg7 28. b4 Rc4 29. Qb5 e6 30. a4 d5 31. a5 d4 32. a6 d3 33. exd3 Rc2+ 34. Ke3 Rc7 35. Qb7 Rc1 36. b5 Re1+ 37. Kd4 e5+ 38. Kd5 Re3 39. Qxc7 Rxd3+ 40. Ke4 1-0